000
00335nam a22001577a 4500
003
SGT
020
_a
81-239-0339-1
082
_a
615.19, I15G
100
_a
GUPTA, AK
245
_a
INTRODUCTION TO PHARMACEUTICS II
250
_a
4TH
260
_a
DELHI
_b
CBS
_c
2015
300
_a
295
650
_a
PHARMACEUTICS
942
_2
ddc
_c
BK
_0
66
999
_c
8143
_d
8143